| 000 | 00619nam a2200193Ia 4500 | ||
|---|---|---|---|
| 003 | IN-BaIIA | ||
| 008 | 211028s9999 xx 000 0 eng d | ||
| 040 | _cIIA Library | ||
| 080 |
_a517.91 _bFRA-1 |
||
| 100 |
_aFrank, Philipp _91634 |
||
| 245 | 0 |
_aDie differential und integralgleichungen _cPhilipp Frank and Richard Von Mises |
|
| 260 |
_aNew York _bMarry S. Rosenberg _c1943 |
||
| 300 | _axxiv, 1106p. | ||
| 650 |
_aDifferential equations _91510 |
||
| 650 |
_aIntegral equations _91635 |
||
| 650 |
_aMathematical physics _91525 |
||
| 700 |
_aMises Richard Von _91636 |
||
| 942 | _cBK | ||
| 999 |
_c761 _d761 |
||